<?xml version="1.0" encoding="UTF-8"?>
<collection xmlns="http://www.loc.gov/MARC21/slim">
<record>
  <controlfield tag="001">284170</controlfield>
  <controlfield tag="005">20240928180340.0</controlfield>
  <datafield tag="035" ind1=" " ind2=" ">
    <subfield code="a">G:(GEPRIS)234728202</subfield>
  </datafield>
  <datafield tag="024" ind1="7" ind2=" ">
    <subfield code="a">G:(GEPRIS)234728202</subfield>
    <subfield code="d">234728202</subfield>
  </datafield>
  <datafield tag="040" ind1=" " ind2=" ">
    <subfield code="a">GEPRIS</subfield>
    <subfield code="c">http://gepris.its.kfa-juelich.de</subfield>
  </datafield>
  <datafield tag="150" ind1=" " ind2=" ">
    <subfield code="a">Effects of chronic psychosocial stress on the brain oxytocin (OXT) and neuropeptide S (NPS) systems, and potential stress-protective actions of chronic OXT and NPS administration</subfield>
    <subfield code="y">2013 - 2018</subfield>
  </datafield>
  <datafield tag="371" ind1=" " ind2=" ">
    <subfield code="a">Professorin Dr. Inga D. Neumann</subfield>
  </datafield>
  <datafield tag="450" ind1=" " ind2=" ">
    <subfield code="a">DFG project G:(GEPRIS)234728202</subfield>
    <subfield code="w">d</subfield>
    <subfield code="y">2013 - 2018</subfield>
  </datafield>
  <datafield tag="510" ind1="1" ind2=" ">
    <subfield code="a">Deutsche Forschungsgemeinschaft</subfield>
    <subfield code="0">I:(DE-588b)2007744-0</subfield>
    <subfield code="b">DFG</subfield>
  </datafield>
  <datafield tag="680" ind1=" " ind2=" ">
    <subfield code="a">The neuropeptide oxytocin (OXT) and neuropeptide S (NPS) have established anxiolytic (OXT, NPS) and antidepressive (OXT) effects, and modulate the acute neuroendocrine stress response. However, effects of chronic psychosocial stress on the adult brain OXT and NPS systems are largely unknown. Similarly, although chronic psychosocial stress results in increased anxiety levels, among others, effects of OXT or NPS administration on behavioural or neuroendocrine parameters in the context of chronic stress have never been assessed. Here, we aim to study the effects of an established chronic psychosocial stress paradigm, i.e. chronic subordinate colony housing (CSC) in mice, on the brain OXT and NPS systems with respect to neuronal expression of the neuropeptides and their receptors, as well as the responsiveness of the OXT system to a novel, acute stressor monitoring central (microdialysis in PVN, amygdala) and peripheral (jugular vein catheter) release patterns comparing single-housed control (SHC) and CSC mice. Moreover, we will test for potential anti-stress effects of chronic OXT and NPS administration via osmotic minipumps during and following CSC exposure, respectively, with respect to CSC-induced alterations in anxiety and selected physiological (body, adrenal and thymus weight, HPA axis (re)activity) and immunological (signs of colonic inflammation) parameters.</subfield>
  </datafield>
  <datafield tag="909" ind1="C" ind2="O">
    <subfield code="o">oai:juser.fz-juelich.de:950913</subfield>
    <subfield code="p">authority:GRANT</subfield>
    <subfield code="p">authority</subfield>
  </datafield>
  <datafield tag="980" ind1=" " ind2=" ">
    <subfield code="a">G</subfield>
  </datafield>
  <datafield tag="980" ind1=" " ind2=" ">
    <subfield code="a">AUTHORITY</subfield>
  </datafield>
  <datafield tag="909" ind1="C" ind2="O">
    <subfield code="o">oai:juser.fz-juelich.de:950913</subfield>
  </datafield>
</record>
</collection>